Management Information Systems (Record no. 5352)

MARC details
000 -LEADER
fixed length control field 00304nam a2200133Ia 4500
008 - FIXED-LENGTH DATA ELEMENTS--GENERAL INFORMATION
fixed length control field 191201s2012 xx 000 0 und d
100 ## - MAIN ENTRY--PERSONAL NAME
Personal name OBRIEN,James A
245 #0 - TITLE STATEMENT
Title Management Information Systems
250 ## - EDITION STATEMENT
Edition statement Rep
260 ## - PUBLICATION, DISTRIBUTION, ETC. (IMPRINT)
Place of publication, distribution, etc N. delhi
Name of publisher, distributor, etc TMH
Date of publication, distribution, etc 2012
300 ## - PHYSICAL DESCRIPTION
Extent 831
650 ## - SUBJECT ADDED ENTRY--TOPICAL TERM
Topical term or geographic name as entry element MBA
942 ## - ADDED ENTRY ELEMENTS (KOHA)
Source of classification or shelving scheme Dewey Decimal Classification
Koha item type Text Books
Holdings
Withdrawn status Lost status Source of classification or shelving scheme Damaged status Not for loan Collection code Home library Current library Date acquired Source of acquisition Cost, normal purchase price Bill Number Total Checkouts Full call number Acc. no. / Barcode Date last seen Bill Date Koha item type Date last borrowed
    Dewey Decimal Classification     MBA PIET C-LIBRARY PIET C-LIBRARY 11/07/2012 IBH, New Delhi 575.00 4894   658.4038 BRM 20024 04/12/2019 04/07/2012 Text Books  
    Dewey Decimal Classification     MBA PIET C-LIBRARY PIET C-LIBRARY 11/07/2012 IBH, New Delhi 575.00 4894 1 658.4038 BRM 20025 30/05/2024 04/07/2012 Text Books 27/05/2024
    Dewey Decimal Classification     MBA PIET C-LIBRARY PIET C-LIBRARY 11/07/2012 IBH, New Delhi 575.00 4894 1 658.4038 BRM 20026 02/12/2020 04/07/2012 Text Books 18/12/2019
    Dewey Decimal Classification     MBA PIET C-LIBRARY PIET C-LIBRARY 11/07/2012 IBH, New Delhi 575.00 4894   658.4038 BRM 20027 04/12/2019 04/07/2012 Text Books  
    Dewey Decimal Classification     MBA PIET C-LIBRARY PIET C-LIBRARY 11/07/2012 IBH, New Delhi 575.00 4894   658.4038 BRM 20028 04/12/2019 04/07/2012 Text Books  
    Dewey Decimal Classification     MBA PIET C-LIBRARY PIET C-LIBRARY 11/07/2012 IBH, New Delhi 575.00 4894   658.4038 BRM 20029 04/12/2019 04/07/2012 Text Books  
    Dewey Decimal Classification     MBA PIET C-LIBRARY PIET C-LIBRARY 11/07/2012 IBH, New Delhi 575.00 4894   658.4038 BRM 20030 04/12/2019 04/07/2012 Text Books  

Design & Developed by: PIET Central Library
R70 Miles Stone Pattikalyana Samalkha Panipat 132102
mail ID :- [email protected], Phone No:- 0180-2569700 Ex.216